Introduction to economic growth (Record no. 9)

MARC details
000 -LEADER
fixed length control field 00566 a2200217 4500
001 - CONTROL NUMBER
control field 000702
003 - CONTROL NUMBER IDENTIFIER
control field OSt
005 - DATE AND TIME OF LATEST TRANSACTION
control field 20210928112621.0
008 - FIXED-LENGTH DATA ELEMENTS--GENERAL INFORMATION
fixed length control field
020 ## - INTERNATIONAL STANDARD BOOK NUMBER
International Standard Book Number 039391917X
040 ## - CATALOGING SOURCE
Transcribing agency CURAJ
082 ## - DEWEY DECIMAL CLASSIFICATION NUMBER
Classification number 338.9
Item number J73I
100 1# - MAIN ENTRY--PERSONAL NAME
Personal name Jones, Charles I.
245 1# - TITLE STATEMENT
Title Introduction to economic growth
Statement of responsibility, etc by Charles I. Jones
250 ## - EDITION STATEMENT
Edition statement 2nd ed.
260 ## - PUBLICATION, DISTRIBUTION, ETC. (IMPRINT)
Place of publication, distribution, etc New Dehli
Name of publisher, distributor, etc W.W. Norton & Co.
Date of publication, distribution, etc 2009
300 ## - PHYSICAL DESCRIPTION
Extent 237p.
630 ## - SUBJECT ADDED ENTRY--UNIFORM TITLE
Uniform title Economics
690 ## - LOCAL SUBJECT ADDED ENTRY--TOPICAL TERM (OCLC, RLIN)
Topical term or geographic name as entry element Economic development; Economic indicators; Economic policy
942 ## - ADDED ENTRY ELEMENTS (KOHA)
Source of classification or shelving scheme Dewey Decimal Classification
Koha item type Books
Holdings
Withdrawn status Lost status Source of classification or shelving scheme Damaged status Not for loan Collection code Home library Current library Date acquired Source of acquisition Cost, normal purchase price Total Checkouts Full call number Barcode Date last seen Date checked out Price effective from Koha item type
    Dewey Decimal Classification     General Text Book Central University Of Rajasthan Central University Of Rajasthan 28/09/2010 ECO 250.00 1 338.9 J73I 694 21/11/2024 14/12/2022 02/09/2020 Books
            Central University Of Rajasthan Central University Of Rajasthan 12/03/2014   0.00   338.9 J73I 13678 21/11/2024   02/09/2020 Books